000
00292nam a22001337a 4500
008
171004b xxu||||| |||| 00| 0 eng d
020
_a
0134448030
041
_a
eng
080
_2
5TH
_a
159.9
100
_a
48
101
_a
PSI
245
_a
HUMAN DEVELOPMENT
_c
CRAIG,G.J
942
_2
udc
_c
BK
999
_c
31696
_d
31696